<?xml version="1.0" encoding="UTF-8"?>
<record
    xmlns:xsi="http://www.w3.org/2001/XMLSchema-instance"
    xsi:schemaLocation="http://www.loc.gov/MARC21/slim http://www.loc.gov/standards/marcxml/schema/MARC21slim.xsd"
    xmlns="http://www.loc.gov/MARC21/slim">

  <leader>00797nam a22002057a 4500</leader>
  <controlfield tag="005">20120904115016.0</controlfield>
  <datafield tag="010" ind1=" " ind2=" ">
    <subfield code="a">B-464474</subfield>
  </datafield>
  <datafield tag="020" ind1=" " ind2=" ">
    <subfield code="a">9788170282860</subfield>
    <subfield code="c">135.00</subfield>
  </datafield>
  <datafield tag="035" ind1=" " ind2=" ">
    <subfield code="a">B-464474</subfield>
  </datafield>
  <datafield tag="037" ind1=" " ind2=" ">
    <subfield code="a">dpl</subfield>
    <subfield code="b">K.K. Pub/Ven</subfield>
  </datafield>
  <datafield tag="082" ind1=" " ind2=" ">
    <subfield code="a">483.2</subfield>
  </datafield>
  <datafield tag="100" ind1=" " ind2=" ">
    <subfield code="a">Bahri, Hardev</subfield>
    <subfield code="9">52045</subfield>
  </datafield>
  <datafield tag="245" ind1=" " ind2=" ">
    <subfield code="a">Rajpal concise English Hindi dictionary/</subfield>
    <subfield code="c">by Bahri Hardev</subfield>
  </datafield>
  <datafield tag="260" ind1=" " ind2=" ">
    <subfield code="a">Delhi</subfield>
    <subfield code="b">Rajpal</subfield>
    <subfield code="c">2011</subfield>
  </datafield>
  <datafield tag="270" ind1=" " ind2=" ">
    <subfield code="a">Rajpal $ Sons</subfield>
    <subfield code="b">Delhi</subfield>
    <subfield code="e">110006</subfield>
  </datafield>
  <datafield tag="300" ind1=" " ind2=" ">
    <subfield code="a">460p.</subfield>
    <subfield code="c">22cm. (Hb)</subfield>
  </datafield>
  <datafield tag="942" ind1=" " ind2=" ">
    <subfield code="2">ddc</subfield>
    <subfield code="c">EN</subfield>
    <subfield code="m">BAH</subfield>
    <subfield code="h">483.2</subfield>
  </datafield>
  <datafield tag="999" ind1=" " ind2=" ">
    <subfield code="c">69703</subfield>
    <subfield code="d">69703</subfield>
  </datafield>
  <datafield tag="952" ind1=" " ind2=" ">
    <subfield code="0">0</subfield>
    <subfield code="1">0</subfield>
    <subfield code="4">0</subfield>
    <subfield code="7">1</subfield>
    <subfield code="8">REF</subfield>
    <subfield code="a">L</subfield>
    <subfield code="b">L</subfield>
    <subfield code="d">2012-09-05</subfield>
    <subfield code="e">K.K.Pub/BL1714/16.02.2012/29/24.01.2012/12.03.2012</subfield>
    <subfield code="g">135.00</subfield>
    <subfield code="l">0</subfield>
    <subfield code="o">483.2 BAH</subfield>
    <subfield code="p">B-464474</subfield>
    <subfield code="r">2012-09-05 00:00:00</subfield>
    <subfield code="t">1</subfield>
    <subfield code="v">135.00</subfield>
    <subfield code="w">2012-09-05</subfield>
    <subfield code="y">EN</subfield>
  </datafield>
</record>
